MDQL
is popping MORE tags! Check the
thread
!
Quizzes
Events
Quiz Creation
Community
Videos
Private Events
Remove Ads
Sign In
Join for FREE
Feedback
Dark Mode
Quiz Categories
Sports
Geography
Music
Movies
Television
Just For Fun
Miscellaneous
History
Literature
Language
Science
Gaming
Entertainment
Religion
Holiday
For Kids
Quiz Lab
Recent
Popular Today
Quiz Kudos Today
Editor Picks
Curator Picks
Quizzes by...
Day
Popularity
Type
Ratings
Length
Year
Community
Subscriptions
Recent Discussions
Orange Saloon
Badges
Playlists
Quests
Create
Leaderboards
Showdown
Live 5
Trivia Bingo
Activity
Puzzle Library
Sporcle Events
Private Events
Virtual Trivia
Globe League
Become a Host
Pub Owners
SporcleCon
Opinionation
Our Games
Videos
Blog
Mobile Apps
Partnerships
Remove Ads and Go Orange
Feedback
Sports
Athletes
MLB
NBA
NHL
NFL
Soccer
Sports Teams
WWE
NCAA
Football
Premier League
Basketball
Baseball
Hockey
Golf
Tennis
Cricket
Rugby
Auto Racing
Olympics
World Cup
Sports
Athletes
MLB
NBA
NHL
NFL
Soccer
Sports Teams
WWE
NCAA
Football
Premier League
Basketball
Baseball
Hockey
Golf
Tennis
Cricket
Rugby
Auto Racing
Olympics
World Cup
Random Quiz
Search Sporcle
×
Quiz Lab
Quiz Lab
Sports
Hockey
Type in answers that appear in a list
Type in answers that appear in a list
Classic
Best Score? Go Orange.
NHL - Wayne Gretzky's victims Stats
Can you name the 92 goalies Wayne Gretzky scored against in 1981-82?
By
Stats_Man
8m
92 Questions
580 Plays
580 Plays
580 Plays
Comments
Comments
Give Quiz Kudos
Give Quiz Kudos
-
- Ratings
hide this ad
More Info
Replay
Link that replays current quiz
Next Quiz
Link to next quiz in quiz playlist
You Got
0%
They Got
Avg Score
46%
Avg Friend Score
Upgrade to see
Score Distribution
Jump to the score distribution portion of the page
Score
0/92
Timer
08:00
0
Plays Today
Date
Goalie
% Correct
Dec 13
Billy Smith
88.8%
Nov 17
Mike Liut
80%
Nov 17
Mike Liut
80%
Oct 18
Tony Esposito
75.7%
Jan 27
Tony Esposito
75.7%
Dec 30
Pete Peeters
74.7%
Dec 30
Pete Peeters
74.7%
Dec 30
Pete Peeters
74.7%
Dec 30
Pete Peeters
74.7%
Jan 14
Pete Peeters
74.7%
Nov 21
Richard Brodeur
66.6%
Nov 21
Richard Brodeur
66.6%
Jan 22
Richard Brodeur
66.6%
Oct 24
Glenn Resch
64.7%
Dec 16
Glenn Resch
64.7%
Mar 26
Glenn Resch
64.7%
Dec 20
Rejean Lemelin
64%
Dec 20
Rejean Lemelin
64%
Mar 19
Rejean Lemelin
64%
Mar 25
Rejean Lemelin
64%
Mar 25
Rejean Lemelin
64%
Jan 29
Don Edwards
61.6%
Feb 24
Don Edwards
61.6%
Feb 24
Don Edwards
61.6%
Feb 24
Don Edwards
61.6%
Jan 20
Gary Edwards
61.4%
Jan 20
Gary Edwards
61.4%
Jan 20
Gary Edwards
61.4%
Jan 26
Gary Edwards
61.4%
Feb 17
Don Beaupre
61.2%
Feb 17
Don Beaupre
61.2%
Date
Goalie
% Correct
Dec 23
Glen Hanlon
55.7%
Nov 27
Murray Bannerman
54.1%
Nov 27
Murray Bannerman
54.1%
Dec 19
Gilles Meloche
53.4%
Dec 19
Gilles Meloche
53.4%
Dec 19
Gilles Meloche
53.4%
Oct 31
Daniel Bouchard
52.9%
Oct 10
Mario Lessard
50%
Dec 27
Mario Lessard
49.8%
Dec 27
Mario Lessard
49.8%
Dec 27
Mario Lessard
49.8%
Dec 27
Mario Lessard
49.8%
Nov 11
Greg Millen
48.6%
Nov 11
Greg Millen
48.6%
Feb 19
Greg Millen
48.6%
Feb 19
Greg Millen
48.6%
Feb 19
Greg Millen
48.6%
Nov 14
Roland Melanson
48.4%
Feb 21
Bob Sauve
44.7%
Oct 16
Pat Riggin
44.1%
Oct 20
Pat Riggin
44.1%
Dec 17
Pat Riggin
44.1%
Jan 9
Pat Riggin
44.1%
Feb 3
Rick Wamsley
43.4%
Mar 17
Michel Dion
40.9%
Mar 17
Michel Dion
40.9%
Mar 17
Michel Dion
40.9%
Nov 4
Michel Larocque
37.1%
Nov 4
Michel Larocque
37.1%
Jan 16
Michel Larocque
37.1%
Feb 7
Eddie Mio
34.8%
Date
Goalie
% Correct
Nov 25
Jim Rutherford
30.2%
Nov 25
Jim Rutherford
30.2%
Nov 25
Jim Rutherford
30.2%
Nov 25
Jim Rutherford
30.2%
Nov 23
Gilles Gilbert
30%
Dec 30
Empty Net
29.1%
Feb 27
Empty Net
29.1%
Feb 28
Empty Net
29.1%
Jan 31
Rick St.Croix
29%
Jan 31
Rick St.Croix
29%
Jan 31
Rick St.Croix
29%
Nov 15
Steve Weeks
28.3%
Oct 31
Michel Plasse
27.2%
Oct 31
Michel Plasse
27.2%
Oct 31
Michel Plasse
27.2%
Dec 9
Doug Keans
24.3%
Mar 15
Doug Keans
24.3%
Mar 15
Doug Keans
24.3%
Jan 6
Phil Myre
23.4%
Jan 6
Phil Myre
23.4%
Oct 14
Ed Staniowski
22.1%
Nov 29
Ed Staniowski
22.1%
Oct 28
Steve Baker
21.4%
Oct 28
Steve Baker
21.4%
Jan 2
Marco Baron
18.8%
Jan 13
Dave Parro
17.4%
Feb 12
Dave Parro
17.4%
Feb 28
Dave Parro
17.4%
Oct 23
Paul Harrison
14.7%
Mar 28
Mike Blake
13.6%
Quiz Playlist
Details
Report
Send in Message
Add To Playlist
More Info:
Wayne Gretzky scored a NHL record 92 goals during the 1981-82 season. Who were the goalies that he victimized that season?
Classic:
Type in answers that appear in a list
Last Updated: Feb 16, 2017
Quiz Scoreboard
CHALLENGE
Sign Up to Join the Scoreboard
Show All
Scores
Hide
Comments
May contain spoilers
Recently Published
1-10 Letter E Words III
by El_Dandy
Language
2m
Street Fighter Characters
by Artimus82
Gaming
60s
College Basketball Coaching Resumes
by pancakes188
Sports
9m
More to Explore
Quiz From the Vault
Featured Blog Post
Where Did the Easter Bunny Come From?
hide this ad
You Might Also Like...
Tags
Hockey Quiz
NHL Quiz
Edmonton Oilers
goalie
Goals Scored
Gretzky
Wayne Gretzky
Today's Top Quizzes in Sports
Browse Sports
hide this ad
Today's Top Quizzes in Hockey
Browse Hockey
Top Contributed Quizzes in Sports
1
2022 World Cup Stars
2
Les meilleurs buteurs des matchs entre le PSG et l’OM
3
FIFA Club World Cup Champions
4
Les entraîneurs de l'OM et du PSG au 21e siècle
5
Criteria MLB: Left Handed Sluggers
6
2023 MLB Unique Player Accomplishments
7
AFC Teams Reveal (Wrong Answers Minefield)
8
Players with Multiple 50 Home Run Seasons
9
5-to-1: FBS Animal Nicknames
10
5-to-1: UK Sports Teams
Explore More
Trending Topics
Marvel
NBA
Anime
Crossword
Harry Potter
Kpop
Disney
WWE
The Office
Soccer
Pokémon
NFL
Puzzle
Country
Song
hide this ad
More By:
Stats_Man
Quiz
Plays
Rating
Category
Featured
Created
Blackadder - I have a cunning plan (Clickable)
1,101
5.00
Television
Mar 20, 2012
NHL - Wayne Gretzky's victims
580
5.00
Sports
Feb 7, 2012
CFL - Leading passers per team / per decade
271
4.75
Sports
Jan 26, 2012
Saskatchewan Roughriders - opening day starting QBs
187
5.00
Sports
Mar 18, 2012
Winnipeg Blue Bombers - opening day Starting Quarterbacks
170
5.00
Sports
Feb 3, 2012
Go to Creator's Profile
Score Distribution
Quiz Creator Spotlight
Stats_Man
Follow
Send a Message
Quizzes Created
-
Created Quiz Play Count
-
More By This Creator
Popular Quizzes Today
1
Find the US States - No Outlines Minefield
2
Find the Countries of Europe - No Outlines Minefield
3
The Countries of the World
4
Find the US States
5
Risky Map Clicking: Biggest States A-Z
6
US States
7
Popular People in 1961
8
Movies - When Are They Set?
More Sports Quizzes
30 HR MLB Teammates (2000s)
Published
Trending Quizzes
Risky Map Clicking: Least Populous States A-Z
USA Borders Longest to Shortest
1-10 Letter G Words
1-10 Letter F Words
Countries of the World: 200 Million BC
Recently Updated
Leaping Animals
pecheneg
Reality TV Shows (A-Z)
bhenderson79
Rickey Henderson's Hall of Fame Teammates
pecheneg
Champions League XIs: Arsenal
pecheneg
Quick Pick: Celebrities in WWE's Hall of Fame
aduchscher
A-Z Keypad Blitz II
pecheneg
Multiple Oscar Actors
pecheneg
Mystery Phrase Blitz: Oscar 'Best Actors'
pecheneg
F. Scott Fitzgerald Novels
LTH
Pick 3 Villains
ddd62291
Trending Topics
Crossword
Anime
Kpop
Marvel
NBA
Harry Potter
Disney
Soccer
WWE
Puzzle
The Office
NFL
Pokémon
Song
Country
Your Account Isn't Verified!
In order to create a playlist on Sporcle, you need to verify the email address you used during registration. Go to your
Sporcle Settings
to finish the process.
Report this User
Report this user for behavior that violates our
Community Guidelines
.
Details:
Send Report
Go to the Sporcle.com Mobile Site →
Comments